Phụ nữ và nghệ thuật quản lý gia đình

Salvato in:
Dettagli Bibliografici
Autore principale: Đoàn Doãn
Natura: Libro
Lingua:Undetermined
Pubblicazione: Hà Nội Nxb. Hà Nội 1998
Soggetti:
Tags: Aggiungi Tag
Nessun Tag, puoi essere il primo ad aggiungerne! !
Thư viện lưu trữ: Trung tâm Học liệu Trường Đại học Cần Thơ
LEADER 00533nam a2200193Ia 4500
001 CTU_40674
008 210402s9999 xx 000 0 und d
020 |b 16.000đ 
082 |a 640 
082 |b D406 
100 |a Đoàn Doãn 
245 0 |a Phụ nữ và nghệ thuật quản lý gia đình 
245 0 |c Đoàn Doãn 
260 |a Hà Nội 
260 |b Nxb. Hà Nội 
260 |c 1998 
650 |a home economics 
904 |i Minh, 010324 
980 |a Trung tâm Học liệu Trường Đại học Cần Thơ